| 000 | 00634nam a2200253Ia 4500 | ||
|---|---|---|---|
| 008 | 160803s9999 xx 000 0 und d | ||
| 020 | _a978-0060540746 | ||
| 100 | _aSpinelli, Jerry | ||
| 245 | _aLoser / | ||
| 245 | _cJerry Spinelli. | ||
| 260 | _aNew York : | ||
| 260 | _bScholastic Inc. | ||
| 260 | _c2003 | ||
| 300 | _a218 pages ; | ||
| 300 | _c22 cm | ||
| 500 | _aOriginally published: New York : HarperCollins Publishers, c2002. | ||
| 650 | _aFamily life -- | ||
| 650 | _aSchools -- | ||
| 650 | _aSelf-acceptance -- | ||
| 650 | _xFiction. | ||
| 650 | _xFiction. | ||
| 650 | _xFiction. | ||
| 700 | _a650 | ||
| 999 |
_c299601 _d299601 |
||